000 00337nam a2200145 i 4500
001 bg
100 1 _aPAWŁOWSKI, Zbigniew
245 0 _aStatystyka matematyczna /
_cZbigniew Pawłowski.
250 _aWyd.2.
260 _aWarszawa,
_c1990.
040 _cBPK
041 _apol
942 _cKS
008 s pl f |000 0 pol
999 _c6652
_d6652
856 _uhttp://koha.tu.koszalin.pl/cgi-bin/koha/opac-detail.pl?biblionumber=6652
_yKatalog online BPK